1924 1243 1475 1768 1869 1642 1458 1057 1584 1343 1501 1201 1726 1558 1353 1914 1107 1866 1715 1533 1666 1002 1675 1351 1622 1485 1076 1415 1259 1367 1130 1891 1437 1820 1389 1736 1528 1179 1798 1462 1223 1542 1634 1101 1930 1506 1749 1298 1152 1338 1471 1596 1813 1202 1304 1029 1611 1828 1529 1137 1398 1519 1040 1333 1935 1734 1746 1404 1104 1168 1270 1937 1770 1125 1694 1757 1906 1239 1091 1138 1242 1432 1201 1546 1443 1715 1912 1595 1417 1980 1983 1203 1010 1835 1013 1129 1845 1244 1398 BCNSPRNW ULIB Ver.6.0+V

เปลี่ยนเป็นภาษาไทย

Change to English
 แสดงรายละเอียดบรรณานุกรม
  กลับหน้าหลัก

Brief Record : Get Marc (ISO 2709) : E-mail record : QR code < ปิดหน้าต่าง
LEADER : 00000nam 2200000uu 4500
001    13399128860
003     ULIB
008    241021s2566||||th 000 0 tha d
020    ^a9786160047185
050    ^aนว^bพ451น
100    ^aพลอยนพเก้า
245    ^aนางหงส์สะบัดลาย/^cพลอยนพเก้า
260    ^aกรุงเทพฯ :^bสถาพรบุ๊คส์,^c2566
300    ^a608 หน้า;^b21 ซม.
650    ^aนวนิยายไทย
945    ^p420^l0^i011119
999    ^aประนอม เกษจรัล
รายการนี้ยังไม่มีแท็ก
คุณยังไม่ได้ล็อกอิน คุณสามารถมีกิจกรรมร่วมกับเว็บไซต์ได้ แต่ต้องล็อกอินก่อน ::
  ล็อกอิน

รายการสื่อสารสนเทศ

ลำดับที่ ประเภท เลขเรียก/บาร์โค้ด สถานที่ สถานะ
1. นวนิยาย
นวนิยาย
นว พ451น ฉ.1 
  Barcode: 011119
ห้องสมุดวิทยาเขตสวรรค์ประชารักษ์
►นวนิยาย
บนชั้น
  ขอยืม

รายการใกล้เคียง
    ผู้แต่ง [พลอยนพเก้า]

    หัวเรื่อง [นวนิยายไทย]

BibComment


ยังไม่เคยถูกคอมเมนท์

คอมเมนท์ทรัพยากรรายการนี้
  คอมเมนท์: นางหงส์สะบัดลาย ..


 Copyright 2026. Bcnsprnw @Library